header

The world of thought in ancient China (Record no. 51272)

MARC details
000 -LEADER
fixed length control field 01233nam a2200301Ia 4500
100 1# - MAIN ENTRY--AUTHOR NAME
Personal name Schwartz, Benjamin I.
245 14 - TITLE STATEMENT
Title The world of thought in ancient China
260 ## - PUBLICATION, DISTRIBUTION, ETC. (IMPRINT)
Place of publication Cambridge, MA :
Name of publisher Belknap Press of Harvard University Press,
Year of publication 1985.
300 ## - PHYSICAL DESCRIPTION
Number of Pages 490 p.
650 #0 - SUBJECT ADDED ENTRY--TOPICAL TERM
Topical Term Philosophy, Chinese
856 40 - ELECTRONIC LOCATION AND ACCESS
Uniform Resource Identifier http://site.ebrary.com/lib/rucke/Doc?id=10331315

No items available.

© 2026 Rongo University
Contact us: librarian | system librarian | Rongo university